Modern Medical Microbiology: the fundamentals (Record no. 4411)

MARC details
000 -LEADER
fixed length control field 01271cam a22003377a 4500
001 - CONTROL NUMBER
control field 13563386
003 - CONTROL NUMBER IDENTIFIER
control field OSt
005 - DATE AND TIME OF LATEST TRANSACTION
control field 20251111141730.0
008 - FIXED-LENGTH DATA ELEMENTS--GENERAL INFORMATION
fixed length control field 040419s2004 enka b 001 0 eng
010 ## - LIBRARY OF CONGRESS CONTROL NUMBER
LC control number 2004299149
015 ## - NATIONAL BIBLIOGRAPHY NUMBER
National bibliography number GBA3-U4822
020 ## - INTERNATIONAL STANDARD BOOK NUMBER
International Standard Book Number 0340810440
035 ## - SYSTEM CONTROL NUMBER
System control number (OCoLC)ocm53124375
040 ## - CATALOGING SOURCE
Original cataloging agency UKM
Transcribing agency UKM
Modifying agency IAY
-- DLC
042 ## - AUTHENTICATION CODE
Authentication code lccopycat
050 00 - LIBRARY OF CONGRESS CALL NUMBER
Classification number QR46
Item number .C537 2004
082 00 - DEWEY DECIMAL CLASSIFICATION NUMBER
Classification number QW4 C55m 2004
100 1# - MAIN ENTRY--PERSONAL NAME
Personal name Clarke, Stuart C.
9 (RLIN) 9487
245 10 - TITLE STATEMENT
Title Modern Medical Microbiology: the fundamentals
260 ## - PUBLICATION, DISTRIBUTION, ETC. (IMPRINT)
Place of publication, distribution, etc. London;
Name of publisher, distributor, etc. Oxford Univ. Press,
Date of publication, distribution, etc. 2004.
300 ## - PHYSICAL DESCRIPTION
Extent xvi, 239 p. :
Other physical details ill. ;
Dimensions 25 cm.
504 ## - BIBLIOGRAPHY, ETC. NOTE
Bibliography, etc Includes bibliographical references, & index.
650 #0 - SUBJECT ADDED ENTRY--TOPICAL TERM
Topical term or geographic name as entry element Medical microbiology.
9 (RLIN) 741
650 12 - SUBJECT ADDED ENTRY--TOPICAL TERM
Topical term or geographic name as entry element Microbiology.
9 (RLIN) 749
856 42 - ELECTRONIC LOCATION AND ACCESS
Materials specified Publisher description
Uniform Resource Identifier http://www.loc.gov/catdir/enhancements/fy0620/2004299149-d.html
856 41 - ELECTRONIC LOCATION AND ACCESS
Materials specified Table of contents only
Uniform Resource Identifier http://www.loc.gov/catdir/enhancements/fy0620/2004299149-t.html
856 42 - ELECTRONIC LOCATION AND ACCESS
Materials specified Contributor biographical information
Uniform Resource Identifier http://www.loc.gov/catdir/enhancements/fy1302/2004299149-b.html
906 ## - LOCAL DATA ELEMENT F, LDF (RLIN)
a 7
b cbc
c copycat
d 2
e ncip
f 20
g y-gencatlg
942 ## - ADDED ENTRY ELEMENTS (KOHA)
Source of classification or shelving scheme Dewey Decimal Classification
Koha item type Open Shelf
Holdings
Withdrawn status Lost status Source of classification or shelving scheme Damaged status Not for loan Home library Current library Date acquired Source of acquisition Inventory number Total Checkouts Full call number Barcode Date last seen Koha item type
    Other/Generic Classification Scheme     MUST Main Library MUST Main Library 20/06/2016 Purchase 06/26150   QW 4 C55m 2004 2016-2596 20/06/2016 Open Shelf
    Other/Generic Classification Scheme     MUST Main Library MUST Main Library 22/06/2016 Purchase 06/23863   QW 4 C55m 2004 2016-2623 22/06/2016 Open Shelf